G.I. Joe The Pursuit of Cobra Figures - Statistics

General Stats
  • This quiz has been taken 5 times
  • The average score is 31 of 46
Answer Stats
Hint Answer % Correct
Cobra Urban Trooper Alley-Viper
100%
Cobra Android Trooper Cobra B.A.T.
100%
Cobra Leader Cobra Commander
100%
Cobra Leader Cobra Commander
100%
Team Commander Conrad “Duke” Hauser (Desert)
100%
Team Commander Conrad “Duke” Hauser (Jungle)
100%
Night Spotter Cooper “Low-Light” MacBride
100%
Cobra Reptile Trainer Croc Master
100%
Jungle Combat Specialist Daniel “Recondo” LeClaire
100%
Cobra Saboteur Firefly
100%
G.I. Joe Commander General Clayton “Hawk” Abernathy
100%
Weapons Supplier James “Destro” McCullen
100%
Weapons Supplier James “Destro” McCullen (Money Bags)
100%
Martial Arts Specialist Mecarthur “Quick Kick” Ito
100%
Desert Combat Specialist Ronald “Dusty” Tadur
100%
Ninja Commando Snake Eyes
100%
Ninja Commando Snake Eyes
100%
Ninja Commando Snake Eyes (Temple Guardian)
100%
Ninja Commando Snake Eyes (w/Timber)
100%
Ninja Mercenary Storm Shadow
100%
Ninja Mercenary Storm Shadow (Desert Battle)
100%
Flamethrower Timothy “Blowtorch” Hanrahan
100%
Master of Disguise Zartan
100%
Tracker Charlie “Spirit” Iron-Knife
80%
The Enemy Cobra Trooper
80%
Arctic Survival Specialist Harlan “Snow Job” Moore
80%
Urban Combat Specialist Wayne “Beachhead” Sneeden
80%
Cobra Jungle Trooper Jungle-Viper
60%
Halo Jumper Lynton “Skydive” Felix
60%
Assault Trooper Oliver “Crazy Legs” Thomas
60%
Cobra Jungle Tracker Shadow Tracker
60%
Cobra Infantry Cobra Viper
40%
Cold Weather Specialist Leonard “White Out” Lee III
40%
Cobra Arctic Officer Snow Serpent Officer
40%
Cobra Urban Combat Officer Alley-Viper Officer
20%
Cobra Mech Driver Cyber-Viper
20%
Cobra Tank Driver Hiss Driver
20%
Elite Trooper Iron Grenadier
20%
Electrical Engineer Joseph” Kickstart” Rivera
20%
Infantry Rock-Viper
20%
Former Air Force Pilot William “Tomahawk” Folger
20%
Special Combat & Operations Expert Armando “Night Fox” Ortiz
0%
Elite Combat Trooper Cobra Shock Trooper
0%
G.I. Joe Mechanic Lance “Double Clutch” Steinberg
0%
Special Forces Steel Brigade
0%
Dreadnok Doom Cycle Driver Storm Rider
0%
No matching quizzes found
Score Distribution
Percent of People with Each Score
Percentile by Number Answered
Your Score History
You have not taken this quiz